Vplyv mechanických rázov pri objemovom tvárnení na vrubovú húževnatosť nástrojových ocelí /

Salvato in:
Dettagli Bibliografici
Autore principale: Mai, Dinh Thang (Autore)
Natura: Manoscritto Libro
Pubblicazione: Bratislava : SVŠT v Bratislave SjF, 1976
Tags: Aggiungi Tag
Nessun Tag, puoi essere il primo ad aggiungerne!!

MARC

LEADER 00000ntm a22000003a 4500
001 stu47528
005 20150617225711.1
008 ------s1976----cs----------------------d
040 |a STU  |b slo 
041 0
044 |a cs 
080 |a 621.97 
080 |a 669.14.018.25 
100 1 |a Mai, Dinh Thang  |4 aut 
245 1 |a Vplyv mechanických rázov pri objemovom tvárnení na vrubovú húževnatosť nástrojových ocelí /  |c [aut.] Mai,Dinh Thang 
260 |a Bratislava :  |b SVŠT v Bratislave SjF,  |c 1976 
300 |a 158 s 
996 |b J48895  |c J*48895/DIZ.  |l JJSK  |s A  |a 24  |w stu47528_0001